How early America sounded
Αποθηκεύτηκε σε:
| Κύριος συγγραφέας: | |
|---|---|
| Μορφή: | Βιβλίο |
| Γλώσσα: | English |
| Δημοσίευση: |
Ithaca, N.Y. :
Cornell University Press,
2005, 2003
|
| Θέματα: | |
| Ετικέτες: |
Προσθήκη ετικέτας
Δεν υπάρχουν, Καταχωρήστε ετικέτα πρώτοι!
|
MARC
| LEADER | 00000nam a2200000 i 4500 | ||
|---|---|---|---|
| 001 | 1/87628 | ||
| 008 | 080604r20052003 eng d | ||
| 020 | |a 0-8014-7272-5 (pbk.) | ||
| 035 | |l 10097919 | ||
| 040 | |a GR-MY-UA |b gre |e aacr | ||
| 041 | 0 | |a eng | |
| 082 | 0 | |a 973.2 |2 (22) | |
| 100 | 1 | |a Rath, Richard Cullen. | |
| 245 | 1 | 0 | |a How early America sounded / |c Richard Cullen Rath |
| 260 | |a Ithaca, N.Y. : |b Cornell University Press, |c 2005, 2003 | ||
| 300 | |a xi, 227 σ.; |b εικ.; |c 24 εκ. | ||
| 504 | |a Βιβλιογραφία: σ. 191-218 | ||
| 504 | |a Ευρετήριο: σ. 219-227 | ||
| 650 | 0 | 0 | |a Sound |x Social aspects |z United States |x History. |
| 650 | 0 | 0 | |a Voice |x Social aspects |z United States |x History. |
| 650 | 0 | 0 | |a Hearing |x Social aspects |z United States |x History. |
| 650 | 0 | 0 | |a Listening |x Social aspects |z United States |x History. |
| 651 | 0 | |a United States |x Social life and customs |y To 1775. | |
| 651 | 0 | |a United States |x Social conditions |y To 1865. | |
| 852 | |a INST |b LESVOS |e 20080604 |h 973.2 RAT |p 005100041595 |q 005100041595 |t BK |y 0 | ||
| 901 | |a BIBL1-2008-2 | ||
| 909 | |a Λ |b 143893 | ||
| 922 | |a 1ΕΛΗ |b 200801 |c ΕΠΕΑΕΚ2/ΤΚΑ |d ΠΑΠΑΣΩΤΗΡΙΟΥ | ||
| 970 | |a ΚΑΡΑ |b ΓΙΑΣΕΜΗ |z 2008/06/04 | ||